La publication de "l'Assommoir" / (Record no. 52825)
[ view plain ]
| 000 -LEADER | |
|---|---|
| campo de control de longitud fija | 01049nam a2200265 i 4500 |
| 001 - NÚMERO DE CONTROL | |
| campo de control | 52825 |
| 003 - IDENTIFICADOR DE NÚMERO DE CONTROL | |
| campo de control | ES-MaACL |
| 005 - FECHA Y HORA DE LA ÚLTIMA TRANSACCIÓN | |
| campo de control | 20250717013400.0 |
| 007 - CAMPO FIJO DE DESCRIPCIÓN FÍSICA--INFORMACIÓN GENERAL | |
| campo de control de longitud fija | t| |
| 008 - DATOS DE LONGITUD FIJA--INFORMACIÓN GENERAL | |
| campo de control de longitud fija | 030904s1931 fr ||||1| fre d |
| 080 ## - NÚMERO DE LA CLASIFICACIÓN DECIMAL UNIVERSAL | |
| Número de la Clasificación Decimal Universal | 821.133.1 Zola, Émile 1.06 |
| 100 1# - ENTRADA PRINCIPAL--NOMBRE DE PERSONA | |
| Nombre de persona | Deffoux, Leon. |
| 9 (RLIN) | 43202 |
| 245 13 - MENCIÓN DEL TÍTULO | |
| Título | La publication de "l'Assommoir" / |
| Mención de responsabilidad, etc. | Léon Deffoux ; avec des lettres inédites de Théodore de Banville, Catulle Mendès, Henry Céard et Paul Bourget. |
| 260 ## - PUBLICACIÓN, DISTRIBUCIÓN, ETC. | |
| Lugar de publicación, distribución, etc. | Paris : |
| Nombre del editor, distribuidor, etc. | Société française d'éditions littéraires et techniques, |
| Fecha de publicación, distribución, etc. | 1931 ( |
| Lugar de fabricación/manufactura | Abbeville : |
| Fabricante | F. Paillart) |
| 300 ## - DESCRIPCIÓN FÍSICA | |
| Extensión | 152 p. ; |
| Dimensiones | 19 cm. |
| 490 1# - MENCIÓN DE SERIE | |
| Mención de serie | Les grands événements littéraires |
| 600 14 - PUNTO DE ACCESO ADICIONAL DE MATERIA--NOMBRE DE PERSONA | |
| Nombre de persona | Zola, Émile, |
| Fechas asociadas al nombre | 1840-1902- |
| Subdivisión general | Crítica e interpretación |
| 9 (RLIN) | 172591 |
| 700 1# - ENTRADA AGREGADA--NOMBRE PERSONAL | |
| Nombre de persona | Banville, Théodore, |
| Fechas asociadas al nombre | 1823-1891 |
| 9 (RLIN) | 125795 |
| 700 1# - ENTRADA AGREGADA--NOMBRE PERSONAL | |
| Nombre de persona | Mendès, Catulle. |
| 9 (RLIN) | 80102 |
| 700 1# - ENTRADA AGREGADA--NOMBRE PERSONAL | |
| Nombre de persona | Ceard, Henry. |
| 9 (RLIN) | 37268 |
| 700 1# - ENTRADA AGREGADA--NOMBRE PERSONAL | |
| Nombre de persona | Bourget, Paul ( |
| Fechas asociadas al nombre | 1852-1935) |
| 9 (RLIN) | 30991 |
| 830 1# - PUNTO DE ACCESO ADICIONAL DE SERIE-TÍTULO UNIFORME | |
| Título uniforme | Les grands événements littéraires |
| 9 (RLIN) | 180814 |
| 852 4# - LOCALIZACIÓN | |
| Ubicación | ES-MaACL |
| Número de control de estantería | A-3027 |
| Estatus retirado | Estado de pérdida | Estado de daño | No para préstamo | Biblioteca de origen | Biblioteca actual | Ubicación en estantería | Fecha de adquisición | Fuente de adquisición | Total de préstamos | Signatura topográfica completa | Código de barras | Visto por última vez | Precio de reemplazo | Tipo de ítem Koha |
|---|---|---|---|---|---|---|---|---|---|---|---|---|---|---|
| Biblioteca del Ateneo de Madrid | Biblioteca del Ateneo de Madrid | Sala Pecera Planta 1 | 17/01/2008 | A-3027 | 1055517 | 23/02/2023 | 23/02/2023 | Libro impreso |
